00449nam a2200157 i 4500001000700000003000900007005001700016007000300033008004100036100002100077245006700098250001200165260003400177300002200211852005800233141075ES-MaACL20230906200221.0t|070919s1907 gw ||||1| ger d1 aWedekind, Frank.10aSo ist das Leben b: Schauspiel in 5 Akten / cFrank Wedekind. a2.Aufl. aMùˆnchen : bLangen, c1907. a133 p. ; c18 cm. aES-MaACLjG-217(2) q. - Encuadernado con otras obras